|
|
|
|
| LEADER |
01168nam a2200289 i 4500 |
| 001 |
c000144795 |
| 003 |
CARM |
| 005 |
00000000000000.0 |
| 008 |
770310s1975 ne a b 00010 eng |
| 015 |
|
|
|a Ne***
|
| 019 |
1 |
|
|a 865984
|z 5584963
|5 LACONCORD2021
|
| 035 |
|
|
|a (OCoLC)2857095
|5 LACONCORD2021
|
| 043 |
|
|
|a s-bl---
|
| 050 |
0 |
0 |
|a HD1516.B8
|b K55
|
| 082 |
0 |
0 |
|a 338.981/1
|
| 100 |
1 |
|
|a Kleinpenning, J. M. G.
|
| 245 |
1 |
4 |
|a The integration and colonisation of the Brazilian portion of the Amazon Basin /
|c J. M. G. Kleinpenning.
|
| 260 |
|
|
|a Nijmegen :
|b Geografisch en Planologisch Instituut, Katholieke Universiteit,
|c 1975.
|
| 300 |
|
|
|a 177 p. :
|b ill. ;
|c 21 cm.
|
| 440 |
|
0 |
|a Nijmeegse geografische cahiers ;
|v nr. 4
|
| 504 |
|
|
|a Bibliography: p. 167-177.
|
| 650 |
|
0 |
|a Agricultural colonies
|z Amazon River Valley.
|
| 650 |
|
0 |
|a Regional planning
|z Amazon River Valley.
|
| 651 |
|
0 |
|a Amazon River Valley
|x Economic policy.
|
| 852 |
8 |
|
|b CARM
|h A2:AF32D0
|i B01664
|p 0078462
|f BK
|
| 999 |
f |
f |
|i f05a03e7-4ed7-59b7-b9e4-512467f42095
|s d99fe944-e910-5788-8594-b0b3c7534e57
|
| 952 |
f |
f |
|p Can circulate
|a CAVAL
|b CAVAL
|c CAVAL
|d CARM 1 Store
|e B01664
|f A2:AF32D0
|h Other scheme
|i book
|m 0078462
|